000 00448nam a2200157Ia 4500
008 260514s2024 xx 000 0 und d
041 _aeng
082 _a615.1901028/YAD
_bM-3728
100 _aDR.VISHAL D. YADAV
245 _aPERSPECTIVER OF DIFFERENT VALIDATION AND CALIBRATION TE3CHNIQUES
250 _a1st ed
260 _aPUNE
_bNIRALI PRAKASHAN
_c2024
300 _aP.B.3.24/G-2
650 _aPHARMACEUTICS
700 _aDR.VAIBHV VAIDYA
999 _c1221583
_d1221583